000 00319nam a2200121Ia 4500
008 220120s9999||||xx |||||||||||||| ||und||
082 _a620.1 HEG
100 _aHegde, R.K Murthy, Niranjan
_96540
245 0 _aEngineering thermodynamics
260 _bNew Delhi
_c2006
300 _b195
650 _aCOMPUTER ARCHITECTURE
999 _c132158
_d132158